00333nam a2200121Ia 4500008004100000041000800041082001400049100002100063245004500084260003900129300003100168365001200199240624s9999 xx 000 0 und d aeng a332.6 THO aTHOMAS KENNETH P aINVESTMENT INCENTIVES AND THE GLOBAL COM c2011aNew YorkbPalgrave Macmillan axvi, : 201 : p. : cm. ; 22 cGBPb50